Countries That Start With A - Statistics

General Stats
  • This quiz has been taken 37 times
  • The average score is 11 of 11
Answer Stats
Continent Country % Correct
Europe Andorra
100%
Asia Armenia
100%
Europe Austria
100%
Europe Albania
97%
Africa Algeria
97%
Africa Angola
97%
South America Argentina
97%
Oceania Australia
97%
North America Antigua and Barbuda
94%
Asia Azerbaijan
94%
Asia Afghanistan
88%
No matching quizzes found
Score Distribution
Percent of People with Each Score
Percentile by Number Answered
Your Score History
You have not taken this quiz